Advanced Chmistry (Record no. 179296)

000 -LEADER
fixed length control field 00577 a2200181 4500
003 - CONTROL NUMBER IDENTIFIER
control field Nust
005 - DATE AND TIME OF LATEST TRANSACTION
control field 20221012180309.0
020 ## - INTERNATIONAL STANDARD BOOK NUMBER
International Standard Book Number 8175961562
040 ## - CATALOGING SOURCE
Transcribing agency Nust
082 ## - DEWEY DECIMAL CLASSIFICATION NUMBER
Classification number 540.712,MAT
100 ## - MAIN ENTRY--PERSONAL NAME
Personal name Matthews, Philip
9 (RLIN) 72697
245 ## - TITLE STATEMENT
Title Advanced Chmistry
Remainder of title physical and Industrial
Statement of responsibility, etc. Philip Matthews.
260 ## - PUBLICATION, DISTRIBUTION, ETC.
Place of publication, distribution, etc. Cambridge
Name of publisher, distributor, etc. Cambridge university press
Date of publication, distribution, etc. 2006
300 ## - PHYSICAL DESCRIPTION
Extent 976 :P
505 ## - FORMATTED CONTENTS NOTE
Formatted contents note PART-A: Physical Chemistry (Page-1) PART-B: Industrial Chemistry (Page-495) PART-C: Inorganic Chemistry (Page-531).
650 ## - SUBJECT ADDED ENTRY--TOPICAL TERM
Topical term or geographic name entry element Advanced Chmistry
9 (RLIN) 100064
942 ## - ADDED ENTRY ELEMENTS (KOHA)
Source of classification or shelving scheme
Koha item type Book
Holdings
Withdrawn status Lost status Source of classification or shelving scheme Damaged status Not for loan Permanent Location Current Location Shelving location Date acquired Full call number Barcode Date last seen Price effective from Koha item type Public note Total Checkouts
          Military College of Signals (MCS) Military College of Signals (MCS) General Stacks 12/12/2016 540.712,MAT MCS33534 12/08/2016 12/12/2016 Book Almirah No.25, Shelf No.3  
          Military College of Signals (MCS) Military College of Signals (MCS) General Stacks 10/12/2022 540.712,MAT MCS33535 10/12/2022 10/12/2022 Book Almirah No.25, Shelf No.3  
© 2023 Central Library, National University of Sciences and Technology. All Rights Reserved.